Reddito e patrimonio nella informazione contabile (Record no. 75169)

000 -CABECERA
campo de control de longitud fija 00532nam#a2200217#c#4500
003 - IDENTIFICADOR DEL NÚMERO DE CONTROL
campo de control IEF
005 - FECHA Y HORA DE LA ÚLTIMA TRANSACCIÓN
campo de control 20180219162708.0
008 - CÓDIGOS DE INFORMACIÓN DE LONGITUD FIJA
campo de control de longitud fija 941205s1981 uuu####fr####| 0||u| |u
020 ## - NÚMERO INTERNACIONAL NORMALIZADO PARA LIBROS(ISBN)
Número Internacional Normalizado para Libros (ISBN) 8820711230
040 ## - FUENTE DE LA CATALOGACIÓN
Centro catalogador de origen IEF
100 1# - PUNTO DE ACCESO PRINCIPAL - NOMBRE DE PERSONA
Nombre de persona Irace, Antonia
9 (RLIN) 22327
245 ## - MENCIÓN DE TÍTULO
Título Reddito e patrimonio nella informazione contabile
260 ## - PUBLICACIÓN, DISTRIBUCIÓN, ETC. (PIE DE IMPRENTA)
Lugar de publicación distribución etc. [Napoli]
Nombre del editor distribuidor etc. Liguori
Fecha de publicación distribución etc. 1981
300 ## - DESCRIPCIÓN FÍSICA
Extensión 139 p.
Dimensiones 22 cm.
500 ## - NOTA GENERAL
Nota general Indices
650 #4 - PUNTO DE ACCESO ADICIONAL DE MATERIA--TÉRMINO DE MATERIA
Término de materia o nombre geográfico como elemento inicial CONTABILIDAD
9 (RLIN) 40740
650 #4 - PUNTO DE ACCESO ADICIONAL DE MATERIA--TÉRMINO DE MATERIA
Término de materia o nombre geográfico como elemento inicial ESTUDIOS
9 (RLIN) 43582
942 ## - ELEMENTOS DE PUNTO DE ACCESO ADICIONAL (KOHA)
Tipo de ítem Koha Libros
942 ## - ELEMENTOS DE PUNTO DE ACCESO ADICIONAL (KOHA)
-- 23786
Holdings
Estado de retiro Estado de pérdida Fuente del sistema de clasificación o colocación Estado dañado No para préstamo Localización permanente Ubicación/localización actual Fecha de adquisición Signatura topográfica completa Código de barras Fecha visto por última vez Precio válido a partir de Tipo de ítem Koha
        Disponible para préstamo IEF IEF 1994-12-05 C 374-8635 C 374-8635 2018-02-19 2018-02-19 Libros

Powered by Koha